000
00271nam a22001217a 4500
008
180215b xxu||||| |||| 00| 0 eng d
041
_a
eng
080
_a
32
100
_a
19
101
_a
POL
245
_a
Poverty in america democracy
_c
Washington,D.C
942
_2
udc
_c
BK
999
_c
42644
_d
42644